[Event "Championnat 13"]
[Site "Vitrolles"]
[Date "2012.10.06"]
[Round "1"]
[White "Flores, Adrian"]
[Black "Danielian, Kevin"]
[Result "0-1"]
[WhiteElo "1918"]
[BlackElo "1785"]
[Annotator "Gozzoli,Y"]
[PlyCount "140"]
[EventDate "2012.??.??"]
[EventType "swiss"]
[EventRounds "6"]
[EventCountry "FRA"]
[SourceDate "2005.09.12"]

1. d4 d5 2. c4 e6 3. Nc3 Nf6 (3... Be7 {est plus précis pour jouer un Gambit
de la Dame classique.}) 4. Bg5 Be7 5. f3 $6 {Diagramme [#]  tout sauf naturel !
} Nbd7 $6 {une réaction mécanique. Les Noirs n'ont pas réfléchi à "punir" les
affaiblissements créés par le 5ème coup blanc.} (5... c5 $1 $15 {essayant
d'ouvrir les lignes de la diagonale a7-g1 pour souligner les faiblesses du
coup f3 était la bonne réaction.}) 6. e3 (6. cxd5 {pour stabiliser le centre
était meilleur.}) 6... O-O 7. Qc2 $6 dxc4 $2 {Pourquoi aider les Blancs à se
développer ?} (7... c5 $1 8. Bd3 (8. cxd5 cxd4 $1 9. exd4 Nxd5 $1 10. Bxe7 Qxe7
$17 11. Nxd5 exd5+ 12. Ne2 Nb6 13. Kf2 Re8 14. Qc3 Bf5 $19) 8... cxd4 9. exd4
dxc4 10. Bxc4 h6 $1 11. Be3 (11. Bxf6 Nxf6 $17) 11... Nb6 12. Bb3 Nbd5 13. Bf2
b6 $17) 8. Bxc4 c5 {enfin !} 9. Nge2 a6 (9... h6 $5) 10. a4 $6 {un gros
affaiblissement des cases de l'aile-Q.} Qa5 11. Bxf6 (11. O-O $6 cxd4 12. Bxf6
Nxf6 13. Nxd4 Bd7 $17) 11... Bxf6 $6 (11... Nxf6 $1 12. O-O cxd4 13. Nxd4 Bd7
$17) 12. O-O cxd4 13. Nxd4 Bxd4 $2 {Il n'y a aucune raison de donner la paire
de B !} (13... Nc5 $1 14. Rfd1 (14. Rab1 Qb4 15. b3 Bd7 $15) 14... Bd7 $15) 14.
exd4 Qb4 $6 (14... Nb6 15. b3 Rd8 16. Rfd1 Bd7 $11 {/=+}) 15. b3 (15. Qb3 $142
$1 Qxb3 16. Bxb3 {suivi d'un d4-d5 rapide et les Blancs vont peut-être pouvoir
tirer profit de leur léger avantage d'activité.}) 15... Nf6 $11 16. Rad1 $6 (
16. Ne4 $142 $11) 16... Rd8 (16... Bd7 $1 {suivi de Rac8-b5 ou Bc6-Rfd8 pose
de sérieux problèmes aux Blancs. Par exemple} 17. d5 $6 b5 $1 18. dxe6 bxc4 19.
exd7 cxb3 20. Qb2 Rfd8 $17) 17. d5 $6 {pas la bonne idée !} (17. Ne4 $1 $11)
17... exd5 $6 (17... Bd7 $1 18. dxe6 Bxe6 19. Bxe6 Qb6+ 20. Kh1 Qxe6 $15 {et
la position noire est légèrement préférable à cause de l'affaiblissement de
l'aile-Q blanche ainsi que des cases e3-f4-b4.}) 18. Nxd5 Qc5+ $2 {Une faute
sérieuse qui donne une léger plus aux Blancs !} (18... Nxd5 19. Bxd5 Be6 $1 20.
Bxe6 Qb6+ 21. Kh1 Qxe6 $11) 19. Qf2 $1 Qxf2+ 20. Rxf2 Nxd5 21. Bxd5 Be6 22.
Rfd2 Bxd5 23. Rxd5 Rxd5 24. Rxd5 $14 {La finale est légèrement favorable aux
Blancs grâce à l'activité supérieure de leur R. Cependant, les Noirs ont quand
même des chances de nulle.} Kf8 25. Rd7 Rb8 26. Kf2 Ke8 27. Rc7 h6 (27... b6 $1
28. Ke3 a5 29. Kd4 Rd8+ $1 30. Ke3 Rd6 $11) 28. Ke3 (28. b4 $1 {empêche la
poussée a5 est fort.}) 28... g6 $4 {Une grosse faute qui affaiblit la case f6.}
(28... a5 $1 $11) 29. Kf4 Kf8 30. h4 a5 31. Ke5 (31. Rc5 $1 b6 32. Rb5 Ke7 33.
b4 $1 {gagne un pion et la finale probablement.}) 31... b5 32. Rc5 bxa4 33.
bxa4 Rb4 34. Rxa5 Rxh4 35. g4 Rh3 36. f4 $2 (36. Ke4 $142 Rh2 37. Re5) 36...
Re3+ $11 37. Kd4 Rg3 (37... Ra3 $11) 38. g5 h5 $132 39. Rb5 Ra3 40. a5 h4 41.
Kc5 $2 (41. Ke4 h3 42. Rb2 Rxa5 43. Kf3 $11) 41... h3 $17 42. Kb6 $2 (42. Rb2
Rxa5+ 43. Kd4 Ra3 44. Ke4 $17) 42... h2 $19 43. Rb1 Rb3+ 44. Rxb3 h1=Q {
Diagramme [#] tout est une question de zugzwang maintenant.} 45. Rb4 Qg1+ 46.
Kc6 Qg2+ (46... Qa7 $1 47. Kb5 Ke7 $19) 47. Kc5 Qf2+ 48. Kd5 Qa7 (48... Qa2+
49. Ke4 Qxa5) 49. Re4 Qxa5+ {Maintenant le gain est simple il suffit d'activer
le K et de mettre les Blancs en zugzwang.} 50. Kd4 Qb4+ (50... f5 $1 51. gxf6
Qd2+ 52. Kc4 Kf7 {suivi de Kxf6-Kf5-Qxf4 gagne facilement.}) 51. Kd3 Qb1+ 52.
Ke3 Qd1 53. Re5 {(=)} Qc1+ 54. Kf3 Qd2 55. Kg3 Kg7 56. Kf3 Qd3+ 57. Kg4 Qf1 58.
Kg3 Kf8 59. Re3 f6 60. gxf6 Kf7 61. Re5 Kxf6 62. Rg5 Qg1+ 63. Kf3 Qd4 64. Kg3
Qe3+ 65. Kg4 Qf2 66. Re5 Qg2+ 67. Kh4 Qf3 68. Rf5+ $1 Kg7 $1 69. Rg5 Qxf4+ 70.
Rg4 Qh2+ 0-1

[Event "Championnat 13"]
[Site "Vitrolles"]
[Date "2012.10.06"]
[Round "1"]
[White "Bouillot, Quentin"]
[Black "Estevez, Ange"]
[Result "1-0"]
[WhiteElo "1692"]
[BlackElo "1628"]
[Annotator "Gozzoli,Y"]
[PlyCount "55"]
[EventDate "2012.??.??"]
[EventType "swiss"]
[EventRounds "6"]
[EventCountry "FRA"]
[SourceDate "2005.09.12"]

1. d4 e5 $6 {Le rare Gambit Englund} 2. d5 $6 {refuser un Gambit est rarement
la meilleure manière de le réfuter !} Bc5 3. e4 Nf6 (3... Qh4 $5 4. Qe2 Nf6) 4.
Nc3 a6 $6 {pas nécessaire} (4... d6 5. h3 (5. Nf3 $2 Ng4 $17) (5. Na4 $2 Nxe4
$17) 5... c6 {avec une bonne position pour les Noirs.}) 5. Nf3 $2 (5. h3) (5.
Bd3 d6 6. Nf3 Ng4 $140 $6 7. O-O) 5... Ng4 $17 {Paradoxalement, les Noirs vont
être beaucoup mieux mais sans gagner de pion !} 6. Be3 Bxe3 $6 {Voulant gagner
du matériel mais donne aux Blancs des compensations grâce à l'avantage de
développement et de la colonne "f" ouverte} (6... Nxe3 $1 7. fxe3 Bxe3 8. Nxe5
O-O $17 {et les Noirs sont beaucoup mieux grâce à la colonne "e" ouverte et la
faiblesse des cases noires. Ils vont pouvoir continuer par d6-Nd7-e8-b5 sans
que les Blancs puissent créer de véritables menaces.}) 7. fxe3 Nxe3 8. Qd3 Nxf1
9. Rxf1 d6 10. O-O-O $44 {après cette séquence de coups forcés, on peut
clairement voir les compensations blanches sous la forme de l'avantage de
développement et d'espace.} Bg4 $6 {un coup naturel de développement mais
jouer avec une mauvaise idée qui va coûter la partie aux Noirs.} (10... Nd7 {
suivi de b5 était plus fort}) 11. h3 Bh5 $6 {une première faute importante qui
va mettre les Noirs sur la défensive.} (11... Bxf3 12. Qxf3 O-O {était
nécessaire bien que les Blancs puissent maintenant envisager une marée de
pions sur le roque noir.}) 12. g4 $1 Bg6 13. h4 $1 h6 ({Nécessaire était} 13...
h5 {pour stopper l'avancée des pions. Cependant le Bg6 se retrouve enfermé.})
14. Rg1 Nd7 15. h5 Bh7 16. g5 $40 {les Blancs ont correctement réagi et ont
saisi leur chance par des coups énergiques.} Nc5 $2 {éloigne un potentiel
défenseur de l'aile-K} ({Il fallait accepter de défendre passivement par} 16...
hxg5 17. Nxg5 Bg8 {suivi de Qe7 et 0-0-0 et ensuite penser à attaquer le pion
h5 pour se libérer.} 18. Rdf1 Qe7 19. Nxf7 Bxf7 20. Rxg7 Nf6 $1 {la différence
avec la partie !}) 17. Qe3 hxg5 18. Nxg5 Bg8 19. Rdf1 Qe7 {Diagramme [#]} 20.
Nxf7 $3 $18 Bxf7 21. Rxg7 O-O-O $2 {perd immédiatement} (21... Rf8 {était
nécéssaire, bien qu'après} 22. Qf2 {suivi de l'avancée du pion "h", les Noirs
ne pourront résister à l'initiative blanche.}) 22. Rfxf7 Qh4 23. Rxc7+ Kb8 24.
b4 Qf4 25. Qxf4 exf4 26. bxc5 f3 27. Rxb7+ Ka8 28. Na4 1-0

[Event "Championnat 13"]
[Site "Vitrolles"]
[Date "2012.10.06"]
[Round "1"]
[White "Derien, Robert"]
[Black "Colandrea, Sauveur"]
[Result "0-1"]
[WhiteElo "1699"]
[BlackElo "1839"]
[Annotator "Gozzoli,Y"]
[PlyCount "58"]
[EventDate "2012.??.??"]
[EventType "swiss"]
[EventRounds "6"]
[EventCountry "FRA"]
[SourceDate "2005.09.12"]

1. e4 e5 2. Nf3 Nc6 3. Bc4 Nf6 4. Nc3 $6 {Diagramme [#] Une faute connue qui
permet aux Noirs d'égaliser immédiatement.} (4. d3) (4. Ng5 $5) 4... Nxe4 $1 {
la réaction correcte !} 5. Bxf7+ $2 {Une réaction tout à fait naturelle mais
une faute importante qui donne un gros avantage aux Noirs.} (5. Nxe4 d5 6. Bxd5
(6. Bd3)) 5... Kxf7 6. Nxe4 d5 7. Neg5+ Kg8 $17 {Les Noirs ont été déroqués
mais ils ont le centre, la paire de B et les N blancs sont sous la menace de
l'avancée des pions "g" et "e".} 8. d3 $8 h6 9. Nh3 Bd6 10. Bd2 $2 Bg4 $5 (
10... g5 $1 {suivi de g4 gagne un des deux N.} 11. Nhxg5 hxg5 12. Nxg5 Qf6 {
n'amène rien aux Blancs.}) 11. Nhg1 e4 $1 12. h3 exf3 13. hxg4 fxg2 14. Rh3 Qd7
$6 {permet aux Blancs de soufler un peu.} (14... Qf6 $1 {menace Re8, attaque
b2 et empêche la Q blanche de venir en f3.} 15. Qf3 Qxf3 $1 16. Nxf3 Nd4 $3 $19
) 15. Qf3 Re8+ 16. Kd1 Qe6 17. Qxg2 {Les Blancs se sont bien sortis de
l'ouverture bien que tout ne soit pas encore bien en place !} Bf4 $2 {perd
l'avantage} (17... d4 $1) 18. Qf3 $2 (18. c3 $1 $11 {/\ Kc2-Rd1}) 18... Bg5 (
18... g5 $1) 19. Ne2 Ne5 20. Qg2 $2 (20. Qf5) 20... Nc4 $4 (20... Bxd2 $1 21.
Kxd2 Nc4+ $1 22. Kc3 Qf6+ 23. Nd4 Nb6 $19) 21. f4 $1 $11 Nxb2+ 22. Kc1 $2 (22.
Ke1 Bf6 23. Re3 $1 Qc6 24. Rxe8+ Qxe8 25. Qxd5+ Qf7 26. Qxf7+ Kxf7 27. Rb1 $11)
22... Bf6 23. Re3 Nxd3+ $1 24. cxd3 $4 (24. Kd1 Qc6 25. Rxe8+ Qxe8 26. Rb1 $15
(26. Qxd5+ Qf7 27. Qxf7+ Kxf7 28. Rb1 Nf2+ 29. Ke1 Ne4 $15 30. Rxb7 $140 $4
Bh4+ $1 31. Kd1 Rd8 $19)) 24... Qc6+ 25. Kd1 Rxe3 26. Bxe3 Bxa1 27. Ke1 Kf7 28.
Kf2 d4 $1 29. Qxc6 dxe3+ 0-1

[Event "Championnat 13"]
[Site "Vitrolles"]
[Date "2012.10.06"]
[Round "1"]
[White "Montanelli, Tristan"]
[Black "Urcun, Gael"]
[Result "1-0"]
[WhiteElo "1678"]
[BlackElo "1689"]
[Annotator "Gozzoli,Y"]
[PlyCount "117"]
[EventDate "2012.??.??"]
[EventType "swiss"]
[EventRounds "6"]
[EventCountry "FRA"]
[SourceDate "2005.09.12"]

1. e3 e5 2. c4 Nf6 3. Nc3 Be7 $6 {Un coup passif. Pourquoi d'abord le B ? et
pourquoi sur cette case ?} (3... Bb4) (3... c6) (3... Nc6) 4. Qc2 $6 {pas
"mauvais" mais avec quelle idée ?} O-O 5. Nf3 Nc6 6. a3 a5 7. b3 d5 8. cxd5
Nxd5 $11 9. Bb2 Bg4 $6 {permet un enchaînement thématique dans cette structure.
} (9... Be6) 10. Be2 (10. Nxd5 $1 Qxd5 11. Bc4 Qd6 12. Qe4 $1 {double attaque
sur le Bg4 et le pion e5.} Bxf3 13. Qxf3 $14 {et les Blancs sont mieux grâce à
la paire de B.}) 10... Nxc3 11. Bxc3 Bf6 $6 {trop passif !} (11... Bd6 {est
plus précis et laisse de la liberté au pion f7.}) (11... Be6 $5 12. Nxe5 $140
Nxe5 13. Bxe5 Qd5 $11 {qui récupère du matériel.}) 12. O-O Re8 13. d3 Qe7 14.
Rfd1 Nd4 $2 {Une bonne idée thématique mais qui perd du matériel ici !} 15.
Nxd4 $2 (15. exd4 exd4 16. Bd2 $1 Qxe2 17. Re1 $1 {gagne la Q} Bxf3 18. Rxe2
Bxe2 $16 {les Noirs ont de légères compensations mais c'est une Q de moins !})
15... exd4 16. Bxg4 dxc3 17. d4 c5 $1 18. Qxc3 cxd4 19. exd4 Rad8 $11 20. Re1
Qd6 $6 (20... Bxd4 $1 21. Rxe7 Bxc3 22. Rxe8+ Rxe8 $11 {et la nulle est proche}
) 21. Rxe8+ Rxe8 22. Qxa5 Qxd4 23. Re1 Rxe1+ 24. Qxe1 Qa1 25. Qxa1 Bxa1 $14 {
Diagramme [#] La finale est nulle mais il faut être très précis} 26. Kf1 f6 $6
{le début d'une mauvaise conception.} (26... Kf8 27. Ke2 Ke7 28. Kd3 Kd6 {
était plus simple !}) 27. h4 h6 28. Bf5 g5 29. h5 $16 {Maintenant le pion h6
est une faiblesse.} Kf7 30. Ke2 Bd4 31. f3 Ke7 32. Kd3 Bb2 33. a4 Kd6 34. Kc4
Ke5 35. g4 $2 {Maintenant la finale est nulle !} (35. Bc8 $1 b6 36. Kb5 Bd4 37.
Kc6 $18 {et le K noir est coupé de l'aile-Q}) 35... Bd4 (35... Kd6 $14) 36. a5
$1 Ba7 37. Be4 b6 38. axb6 (38. a6 $1 {Diagramme [#] forcait les Noirs à être
très très précis !} b5+ $3 $11 {le seul coup ! Il faut empêcher le K blanc
d'entrer en e4-d5-c6} (38... Kd6 39. Kb5 $1 Kc7 40. Bb7 Kd6 (40... Kd7 41. Kc4
$1 Kd6 (41... b5+ 42. Kd5 $3 $18) 42. Kd4 $18) 41. b4 Kc7 42. Kc4 Kd6 43. Kd4
$18) 39. Kxb5 Kd6 $3 40. b4 Bg1 41. Kc4 Ba7 42. Bb7 Bg1 43. Kd3 Ke5 $11) 38...
Bxb6 39. Kb5 Ba7 $4 (39... Bd4 40. Kc6 f5 $1 41. Bxf5 Bc3 $11) 40. Kc6 $18 Ke6
41. b4 Ke7 42. Kc7 Bd4 43. b5 Be5+ 44. Kb7 Kd8 45. b6 Bd4 46. Kc6 Be5 47. Bf5
Bf4 48. Kd5 Ke7 49. b7 Be5 50. Ke4 $1 Kf8 51. Be6 $1 Bf4 52. Kf5 Kg7 53. Bd5 $1
Be5 54. Ke6 Kf8 55. Kd7 Kg7 56. Kc8 f5 57. b8=Q Bxb8 58. Kxb8 fxg4 59. fxg4 1-0

[Event "Championnat 13"]
[Site "Vitrolles"]
[Date "2012.10.06"]
[Round "1"]
[White "Bertrand, Alexandre"]
[Black "Tchifteyan, Philippe"]
[Result "1-0"]
[WhiteElo "1764"]
[BlackElo "1645"]
[Annotator "Gozzoli,Y"]
[PlyCount "85"]
[EventDate "2012.??.??"]
[EventType "swiss"]
[EventRounds "6"]
[EventCountry "FRA"]
[SourceDate "2005.09.12"]

1. e4 c5 2. Nf3 Nc6 3. d4 cxd4 4. Nxd4 d6 $6 (4... Nf6 $1 {est le bon ordre de
coup pour forcer} 5. Nc3 {et donc empêcher l'étau sur la case d5.}) 5. c4 $1 {
la bonne réaction, les Noirs auront donc plus de mal à réaliser la poussée
thématique de la Sicilienne d6-d5.} e6 6. Nc3 Nf6 7. Be3 Be7 8. Be2 a6 9. O-O
Bd7 10. f4 O-O 11. Kh1 h6 $6 {une faute sérieuse qui affaiblit le roque.} (
11... Nxd4 12. Bxd4 Bc6 {suivi de b7-b5 ou Nd7 est plus normal.}) 12. Nb3 $1 {
empêche maintenant les échanges et donc la libération des pièces noires.} b6
13. Qe1 Qc7 14. g4 $6 {un peu trop risqué !} (14. Qg3 $1 Kh8 15. e5 $1 dxe5 16.
fxe5 Qxe5 17. Bf4 Qf5 18. Rad1 $16 {et les Noirs vont avoir du mal à
réorganiser leurs pièces et éviter les pertes matérielles.}) 14... Nb4 (14...
Be8 $1 {Pour donner la case d7 au Nf6 et protéger la case g6 était nécéssaire !
}) 15. Qf2 Rab8 16. Rac1 Bc6 17. Qg2 Qb7 $6 (17... Nxe4 $5 18. Nxe4 f5 $132)
18. Bf3 $16 d5 $2 {une poussée thématique mais les Blancs sont ici trop bien
organisés pour qu'elle soit efficace.} (18... e5 $142) 19. cxd5 exd5 {
Diagramme [#]} 20. exd5 $4 {une sérieuse faute qui dilapide l'avantage blanc.}
(20. e5 $1 Ne4 21. Nd4 $18 {menace Nxc6 suivi des échanges en e4 gagne du
matériel.}) 20... Nfxd5 21. Nxd5 Bxd5 22. Bxd5 Qxd5 23. Qxd5 Nxd5 $15 {
maintenant les Noirs sont mieux grâce à l'affaiblissement des pions de
l'aile-K.} 24. Bd4 Bf6 25. Bxf6 Nxf6 26. h3 Ne4 $2 (26... Rfe8 $1 27. Rfe1 Nd5
28. f5 Nb4 $15) 27. Kg2 Rfd8 28. Rfd1 $14 {Maintenant ce sont les Blancs qui
sont un peu mieux, ils ont réussi à mobiliser leurs pièces et menacent
d'envahir la 6ème ou 7ème rangée adverse.} Rxd1 29. Rxd1 Rc8 30. Rc1 $6 (30.
Kf3 Nf6 31. Rd2 $14) 30... Rxc1 31. Nxc1 $11 g6 $6 {trop passif.} (31... f5 $1
$11 {était nécessaire afin de fixer les pions de l'aile-K et faire un chemin
au Kg8 vers le centre.}) 32. Nd3 Kg7 33. Kf3 Nd2+ $2 {la faute décisive} (33...
Nd6 34. Ke3 Kf6 35. Kd4 Ke6 {est déagréable à jouer pour les Noirs mais
probablement égal.}) 34. Ke3 Nc4+ 35. Kd4 Nd2 36. Kd5 $18 {Maintenant
l'activité du K blanc fait la différence.} f5 37. gxf5 gxf5 38. Kc6 Nf3 39.
Kxb6 Ng1 40. h4 Kg6 41. Kxa6 Nf3 42. b4 Nxh4 43. b5 1-0

[Event "Championnat 13"]
[Site "Vitrolles"]
[Date "2012.10.06"]
[Round "1"]
[White "Del Vecchio, Alain"]
[Black "Valette, Patrick"]
[Result "0-1"]
[WhiteElo "1767"]
[BlackElo "1800"]
[Annotator "Gozzoli,Y"]
[PlyCount "124"]
[EventDate "2012.??.??"]
[EventType "swiss"]
[EventRounds "6"]
[EventCountry "FRA"]
[SourceDate "2005.09.12"]

1. d4 Nf6 2. Nf3 e6 3. e3 {Le système Colle-Zukertort} b6 4. Bd3 Bb7 5. O-O Be7
6. b3 O-O 7. Bb2 d5 8. Nbd2 Nbd7 9. Ne5 Ne4 (9... Nxe5 10. dxe5 Ne4 $11) 10. f4
Ndf6 $6 (10... f5 $142) 11. Qe2 $6 (11. c4 $1 Nxd2 (11... c5 12. Nxe4 dxe4 13.
Bc2 $14) 12. Qxd2 Ne4 13. Qc2 f5 14. c5 $1 $14) 11... Nxd2 $1 12. Qxd2 Ne4 {
maintenant la poussée f7-f6 est pénible pour les Blancs} 13. Qe2 f6 14. Ng4 Bd6
(14... a5 $5) 15. Rf3 f5 $6 {Pourquoi rendre la case e5 au Ng4 qui ne dispose
que de la case f2 ?} 16. Nf2 (16. Ne5 $1) 16... Rf6 17. Rh3 Qe8 18. Kh1 Qf7 19.
Rg1 Rg6 20. Nxe4 dxe4 $6 (20... fxe4 $1 21. Ba6 c6 22. Bxb7 Qxb7 23. g4 Rf6 $11
) 21. Bc4 Bd5 22. Ba6 (22. Qh5 $1 h6 23. Be2 $14 {suivi de c4 et/ou g4 avec un
bon avantage aux Blancs.}) 22... Rb8 23. c4 (23. Qh5 $1) 23... Bb7 24. Bxb7
Rxb7 25. g4 Rxg4 26. Rxg4 fxg4 27. Qxg4 Rb8 $6 (27... Qf5 $1 28. Rg3 Qxg4 29.
Rxg4 Kf7 $11 {et la partie devrait logiquement se terminer par la nulle.}) 28.
Rg3 $14 (28. Qg2 $1 Qf5 29. Rg3 g6 30. Rg5 Qf7 31. Qxe4 $16) 28... g6 29. h4
Qf5 {Diagramme [#]} 30. Qe2 $6 (30. h5 Qxg4 31. Rxg4 Kf7 32. hxg6+ hxg6 33. Rh4
$14 {avec un léger avantage blanc, mais les Noirs peuvent certainement tenir
la nulle.}) 30... Be7 $11 31. Qg4 $6 (31. h5 $11) 31... Qxg4 32. Rxg4 Kf7 33.
Kh2 $2 (33. Rg2 h5 34. Rh2 {est passif mais c'est le seul coup qui maintient
l'égalité matérielle.}) 33... h5 34. Rg2 Bxh4 $17 35. Kh3 Bf6 36. Ba3 Rd8 37.
Rc2 Be7 $2 {Il fallait garder le mauvais B blanc.} (37... g5 $1 38. fxg5 Bxg5
39. Rf2+ Kg6 40. Bc1 c5 $1 $17) 38. Bb2 $2 (38. Bxe7 Kxe7 39. c5 $1 {avec de
bonnes chances de nulle.}) 38... c5 $1 $17 39. Rd2 Bf6 40. Kg3 a5 41. d5 $2
exd5 $2 (41... Bxb2 $1 42. dxe6+ Ke7 $1 43. Rxb2 Rd3 44. Re2 Kxe6 {gagne
facilement pour les Noirs.}) 42. Bxf6 Kxf6 43. cxd5 g5 {Diagramme [#]} 44. Rd1
$2 ({il fallait générer du contre-jeu par} 44. fxg5+ Kxg5 45. d6 $1 $132 {la
partie n'est pas terminée mais le pion d6 assure aux Blancs un bon contre-jeu.}
) 44... Kf5 $2 (44... Rd6 $1 $17) 45. fxg5 Kxg5 46. d6 $1 Kf6 47. Kf4 Ke6 48.
Kxe4 Rxd6 49. Rh1 Rd5 50. Rg1 (50. a4 $1 $11) 50... Re5+ 51. Kd3 b5 (51... Kf5
$1) 52. e4 Kd6 53. Rg8 Ke7 54. Ke3 $11 Kf6 55. Rh8 (55. Kf4 $1 $11) 55... Kg7
56. Ra8 h4 57. Ra7+ Kg6 58. Kf4 $4 {la faute décisive.} (58. Ra6+ Kg5 59. Kf3
h3 60. Ra8 Kh4 61. Kf4 Rh5 62. Rg8 Rh7 63. Rg4+ Kh5 64. Rg5+ Kh6 65. Rxc5 h2
66. Rc1 Rg7 67. Rh1 Rg2 68. a4 b4 69. e5 $11) 58... Rh5 $1 $19 59. Ra6+ Kf7 60.
Kg4 h3 $1 61. Ra7+ Ke6 62. Ra6+ Ke5 0-1

[Event "Championnat 13"]
[Site "Vitrolles"]
[Date "2012.10.06"]
[Round "1"]
[White "Mohammed, Gibran"]
[Black "Savalle, Mathilde"]
[Result "0-1"]
[WhiteElo "1444"]
[BlackElo "1696"]
[Annotator "Gozzoli,Y"]
[PlyCount "70"]
[EventDate "2012.??.??"]
[EventType "swiss"]
[EventRounds "6"]
[EventCountry "FRA"]
[SourceDate "2005.09.12"]

1. e4 c5 2. Nf3 Nc6 3. d4 cxd4 4. Nxd4 Nf6 5. Nc3 d6 6. Bb5 $6 {Un coup de
développement qui ne fait qu'aider les Noirs.} (6. Be2) (6. Bc4) (6. Bg5) (6.
g3) 6... Bd7 7. O-O a6 $6 {pourquoi aider les Blancs à replacer une pièce ?} (
7... g6) (7... e6) 8. Be2 e6 9. Bg5 $6 (9. Be3) (9. Kh1) 9... h6 10. Bxf6 $2 {
Une grosse faute stratégique qui donne la paire de B sans raison.} (10. Be3 {
était meilleur ce qui explique l'évaluation du 9ème coup des Blancs.}) 10...
Qxf6 $15 11. Nb3 Qd8 $1 12. f4 Be7 13. Nd4 $4 {Une gaffe qui perd une pièce
nette.} (13. Kh1) 13... Qb6 $19 14. Kh1 Nxd4 15. Bd3 Qxb2 16. Qd2 Rc8 17. Ne2
Nxe2 18. Qxe2 Qc3 19. f5 Bf6 20. Rac1 O-O 21. Rf3 Qb2 22. Rcf1 e5 (22... exf5
$1) 23. Rh3 Ba4 24. Qg4 Kh7 25. c4 Qd2 26. Kg1 b5 27. cxb5 axb5 28. Qh5 Rc1 29.
g4 Bg5 30. Rhf3 Rxf1+ 31. Bxf1 Qd1 32. Rh3 Qd4+ 33. Kh1 Qxe4+ 34. Bg2 Qe1+ 35.
Bf1 Qxf1# 0-1

[Event "Championnat 13"]
[Site "Vitrolles"]
[Date "2012.10.06"]
[Round "1"]
[White "Parroco, Pierre-Jean"]
[Black "Madranges, Jean"]
[Result "0-1"]
[WhiteElo "1713"]
[BlackElo "1831"]
[Annotator "Gozzoli,Y"]
[PlyCount "80"]
[EventDate "2012.??.??"]
[EventType "swiss"]
[EventRounds "6"]
[EventCountry "FRA"]
[SourceDate "2005.09.12"]

1. e4 e6 2. d4 d5 3. Nc3 Bb4 {La Variante Winawer.} 4. e5 c5 5. a3 Bxc3+ 6.
bxc3 Qa5 $5 {Une variante très intéressante qui retrouve de la popularité
grâce notemment au GMI Istratescu.} 7. Bd2 Qa4 8. Rb1 (8. Qg4 $5 g6 9. Qd1)
8... c4 9. Qc1 Nc6 10. Be2 $6 (10. Ne2) 10... Nge7 11. Nf3 b5 $6 (11... b6 $142
) 12. O-O Bd7 (12... h6 $1) 13. h4 $6 (13. Ng5 $1 h6 14. Nh3) 13... O-O-O $2 (
13... h6 $1) 14. Ng5 $1 Rdf8 15. f4 $2 {Diagramme [#]} (15. Bh5 $1 $14) 15...
f6 $1 16. Nf3 Be8 17. Qb2 a6 18. g3 Bh5 19. Rbe1 Bxf3 $6 (19... Bg4 $1 {suivi
de Nf5 et préparer la rupture g7-g5 donnait un net avantage aux Noirs.}) 20.
Bxf3 f5 {Maintenant les Noirs sont passifs.} 21. Ra1 Kd7 22. Rfb1 Nc8 23. Qc1
Nb6 24. Rb4 Qa5 25. a4 $2 (25. Rbb1 Na4 26. Qe1 $13) 25... Nxa4 $17 26. Rbb1
Qc7 27. Qe1 Ra8 (27... h5 $1 {suivi de g7-g6, Ra8-Rb8 et de l'avancée des
pions de l'aile-Q gagne simplement.} 28. Bc1 Qa5 $1) 28. Bc1 h5 (28... Qa5 $1)
29. Ba3 Qa5 30. Bb2 $2 (30. Bb4 $1 Qd8 (30... Nxb4 31. cxb4 Qc7 32. c3 $1 {
suivi de Bd1-Ra5 et je ne vois pas comment les Noirs peuvent percer.}) 31. Bd6
$132 {et il n'est pas simple pour les Noirs de progresser.}) 30... g6 $6 (30...
Nxd4 $1 31. cxd4 Qxe1+ 32. Rxe1 Nxb2 $19) 31. Qe3 Rhb8 32. Re1 b4 $1 33. Bxd5
$4 {les Blancs se font Hara-Kiri. Cependant la situation était déjà compromise.
} (33. Bc1) 33... exd5 34. cxb4 Qxb4 35. e6+ Kc7 36. Ba3 Qc3 37. e7 Qxd4 38.
Kh2 Qxe3 39. Rxe3 Re8 40. Bc5 Nxc5 0-1